01025nam a2200217 a 450000100060000000300090000600800410001502000150005604000280007108200150009910000330011424501900014726000390033730000110037650501830038765000270057065000310059794200120062899900170064095201500065715234CO-ViMGA141112s2004 ck r 000 u spa d a9589288642 aCO-ViMGAbspacCO-ViMGA04a347.9 S6511 aSolano Sierra, Jairo Enrique10aLos recursos procesales - Diversas ramas del derecho : bordinarios, extraordinarios, comentarios, legislación, doctrina, jurisprudencia, teorico práctico , aspectos contraversiales aBogotá, cDoctrina y Ley, c1996 a489.p. aProcedimiento civil Jurisdiccion penal Procedimiento laboral Derecho procesal y administrativo Procedimiento de jurisdiccion coactiva Derecho procesal de policia Derecho canonico14aDERECHO PROCESAL9388114aRECURSOS PROCESALES922114 2ddccBK c25600d25600 00102ddc40708002aMEVIECARbMEVIECARd2015-12-04hVolumen. 1 | 11/jun/2009l0o347.9 S651 p15234r2015-12-04 00:00:00tEj. 1w2015-12-04yBK